000 00630nam a2200193 a 4500
001 000010365
005 20260305073958.0
008 091006s1983 dr 000 0 spa d
040 _aDO-SdBNP
082 _aRD861.44
_bG377m
100 1 _aGerón, Candido,
_d1948-
_93577
245 1 0 _aMinerva :
_ben el temblor de las mudas paredes /
_cCándido Geron ; prólogo José Jurado Morales.
260 _aSanto Domingo :
_bEditorial Santo Domingo,
_c1983.
300 _a142 p. ;
_c22 cm.
650 0 _aPoesía dominicana
_966
650 0 _aLiteratura dominicana.
_967
700 1 _aJurado Morales, José,
_epról.
_925379
049 _aBNPD
999 _c10124
_d10124